00833 a2200193 45000010006000000050017000060080041000230030015000640400040000790800151001192450072002700200022003422640034003643000019003985050092004170410008005091000027005178560095005444401120260407155720.0260407a2013 arg spa dAR-UNSa-BCEJYS aAR-UNSa-BCEJYSbspacAR-UNSa-BCEJYS a001.8xMetodología. Estudio general del método. Procedimientos científicos y técnicos para el estudio, La investigación y la discusión10aCómo redactar un paperpla escritura de artículos científicos a978-987-538-356-2 1aBuenos Aires :bNoveducc2013 a183 p.c28 cm. a1. El texto escrito - 2. El género - 3. La subjetividad - 4. Los problemas concretos  aspa1 aRamirez Gelbes, Silvia41uhttps://biblioeco.unsa.edu.ar/pmb/images/libros/L126853.jpgyImagen de portadaqimage/jpeg